00922nam a2200205 a 450000100100000000500170001000800410002702000150006804000250008304100130010824500940012126000680021530000350028350000730031850000630039170000290045495201050048395201110058899900170069900004509020201002045853.0150202s2000 dr a 000 j spa d a9993432075 aDO-SdBNPbspacBNPHU17aspabfra00aCarine salvada de petróleo :bCarine sauvée du pétrole /cpresentación Marc FAYE. aSanto Domingo :bColebLiceo Francés de Santo Domingo,c2000. a19 p. , 19 p. :bil. ;c28 cm. aLibro para alumnos del maternal del Liceo Francés de Santo Domingo aDos obras encuadernadas juntas con paginación invertida.1 aFAYE, Marcepres.973108 0010718PDaPDbPDcHDd2015-02-02iLF1l0o p45090-10r2020-06-25w2020-06-25yLFPDZNo se presta 0010718PDaPDbPDcHDd2015-02-02iLF1l0o p45090-20r2020-06-25te. 2w2020-06-25yLFPDZNo se presta c44579d44579